| 000 | 02419cam a22002895a 4500 | ||
|---|---|---|---|
| 001 | 18221114 | ||
| 005 | 20151111140409.0 | ||
| 008 | 140709t2015 paua frb 001 0 eng d | ||
| 020 | _a1451192002 | ||
| 020 | _a9781451192001 | ||
| 040 |
_aDNLM/DLC _cDLC _dEG-ScBUE _beng |
||
| 082 | 0 | 4 |
_a613.04244 _222 _bWOM |
| 245 | 0 | 0 |
_aWomen's health and wellness across the lifespan / _c[edited by] Ellen F. Olshansky. |
| 260 |
_aPhiladelphia : _bWolters Kluwer Heath, _cc.2015. |
||
| 300 |
_axiv, 369 p. : _bill. ; _c23 cm. |
||
| 490 | 0 | _aNursing / women's health | |
| 500 | _aIndex : p. 355-369. | ||
| 504 | _aIncludes bibliographical references. | ||
| 505 | 0 | _aIntroduction : holistic, lifespan approach to women's wellness as guiding framework / Ellen F. Olshansky -- Women's health in the 21st century / Ellen F. Olshansky -- Women's health : evolution of the science and clinical specialty / Nancy Fugate Woods, Versie Johnson-Mallard, Elizabeth A. Kostas-Polson, Diana Taylor, Judith A. Berg, Joan L.F. Shaver, Ellen F. Olshansky -- Puberty through early adulthood / Ruth Mielke, Karla Parsons, Cynthia Smith Greenberg -- Women at midlife / Judith A. Berg, Diana Taylor, Nancy Fugate Woods -- Healthy aging for women / Heather M. Young, Barbara B. Cochrane -- Wellness for special populations of women / Ellen F. Olshansky, Robynn Zender -- Body composition : enhancing health through exercise and nutrition / Robynn Zender -- Oral health / Madeleine M. Lloyd, Julia Lange Kessler -- Resilience in women / Anastasia Fisher, Diane C. Hatton, Ellen F. Olshansky -- Self-care : healing energy and other complementary therapies / Susan Thrane, Stephanie Deible, Susan M. Cohen -- Women and herbal medicine / Mahtab Jafari, Gabriel Orenstein -- Pharmacologic approaches to wellness and disease prevention in women over the lifespan / Diana N. Krause -- Healing arts : movement in the form of pilates / Diane Diefenderfer -- Healing environments / Nancy Lieberman Neudorf -- Healing relationships / Robynn Zender, Ellen F. Olshansky -- Promoting healthy sleep / Joan L. F. Shaver -- Peaceful dying / JoAnn Reifsnyder. | |
| 650 | 0 |
_aWomen _2BUEsh _xHealth and hygiene _95261 |
|
| 650 | 0 |
_aWomen _2BUEsh _xDiseases |
|
| 650 | 0 |
_aAge factors in disease. _2BUEsh _933273 |
|
| 651 | _2BUEsh | ||
| 653 |
_bNNUR _cAugust2015 _cNovember2015 |
||
| 700 | 1 |
_aOlshansky, Ellen Frances, _d1949- , _eeditor. |
|
| 942 |
_2ddc _k613.04244 WOM |
||
| 999 |
_c20535 _d20507 |
||